| 000 | 00603cab a2200205 4500 | ||
|---|---|---|---|
| 001 | WB3435-59 | ||
| 008 | 090401t1998 xxu||||| |||| 00| 0 eng d | ||
| 035 | _a(Sirsi) u88555 | ||
| 041 | _aeng | ||
| 245 | _aMilk quotas | ||
| 260 | _c1998 | ||
| 350 | _a0 | ||
| 490 |
_aFinancial Times _v18 September 1998, 32(1) |
||
| 520 | _aThe UK, Italy, Sweden and Denmark have finalised plans to join forces to press for the abolition of EU milk quotas from the middle of the next decade. | ||
| 650 | _aABOLITION | ||
| 650 | _aMILK QUOTAS | ||
| 690 | _aRURAL PRACTICE | ||
| 942 | _n0 | ||
| 948 | _c18/09/1998 | ||
| 999 |
_c55964 _d55964 |
||